[Event "FRA-chT Top 12 (Women) GpB"]
[Site "Vandoeuvre"]
[Date "2019.05.05"]
[Round "5.1"]
[White "Fischer, Julie"]
[Black "Saliou, Sarah"]
[Result "1-0"]
[WhiteElo "2046"]
[BlackElo "1696"]
[PlyCount "55"]
[EventDate "2019.05.02"]
[EventType "team-tourn"]
[EventRounds "5"]
[EventCountry "FRA"]
[SourceTitle "CBM 190 Extra"]
[Source "ChessBase"]
[SourceDate "2019.07.15"]
[SourceVersion "1"]
[SourceVersionDate "2019.07.15"]
[SourceQuality "1"]
[WhiteTeam "Bischwiller (W)"]
[BlackTeam "Nancy (W)"]
[WhiteTeamCountry "FRA"]
[BlackTeamCountry "FRA"]

1. e4 c5 2. Nf3 Nc6 3. Bb5 g6 4. Bxc6 dxc6 5. d3 Bg7 6. h3 Nh6 7. Nc3 f6 8. Be3 b6 9. 0-0 e5 10. Nh2 0-0 11. f4 exf4 12. Bxf4 f5 13. Qd2 Nf7 14. exf5 gxf5 15. Nf3 Be6 16. Rae1 Qd7 17. b3 Rae8 18. Ne2 Bd5 19. Ng3 Rxe1 20. Nxe1 Qe6 21. c4 Bxg2 22. Qxg2 Kh8 23. Nf3 Rg8 24. Kh1 Qd7 25. Nh4 Qxd3 26. Nhxf5 Bf6 27. Qxc6 Ne5 28. Qxf6+ 1-0

[Event "FRA-ch U20 Girls"]
[Site "Belfort"]
[Date "2017.04.19"]
[Round "6.2"]
[White "Haussernot, Cecile"]
[Black "Saliou, Sarah"]
[Result "1-0"]
[WhiteElo "2107"]
[BlackElo "1684"]
[PlyCount "95"]
[EventDate "2017.04.16"]
[EventType "tourn"]
[EventRounds "8"]
[EventCountry "FRA"]
[SourceTitle "EXT 2019"]
[Source "ChessBase"]
[SourceDate "2018.10.10"]
[SourceVersion "1"]
[SourceVersionDate "2018.10.10"]
[SourceQuality "1"]

1. e4 c5 2. Nf3 Nc6 3. d3 g6 4. g3 Bg7 5. Bg2 d6 6. 0-0 Rb8 7. c3 Nf6 8. d4 Nxe4 9. d5 Na5 10. Qa4+ b5 11. Qxe4 Bf5 12. Qh4 b4 13. c4 h6 14. Re1 g5 15. Bxg5 hxg5 16. Qxg5 Bxb2 17. Qxf5 Bxa1 18. Ng5 Rf8 19. Bh3 Nxc4 20. Qd3 Ne5 21. Qe2 c4 22. Qh5 c3 23. Ne6 Nf3+ 24. Kh1 Qb6 25. Ng7+ Kd8 26. Qxf3 c2 27. Qf5 Qb5 28. Ne6+ fxe6 29. Qxf8+ Qe8 30. Qxe8+ Kxe8 31. Rc1 b3 32. axb3 Rxb3 33. Nd2 Rc3 34. Ne4 Rc4 35. Bf1 Rxe4 36. Bd3 Re5 37. Rxa1 Rxd5 38. Bxc2 a5 39. Bb3 Re5 40. Kg2 Kd7 41. h4 Rc5 42. g4 d5 43. g5 e5 44. h5 Ke6 45. h6 Kf5 46. h7 Rc8 47. Bxd5 Rh8 48. Bg8 1-0

[Event "Saint Jacut Lallemand Memorial (Women)"]
[Site "Saint Jacut de la Mer"]
[Date "2015.06.13"]
[Round "3"]
[White "Saliou, Sarah"]
[Black "Rollot, Florence"]
[Result "0-1"]
[WhiteElo "1870"]
[BlackElo "1850"]
[PlyCount "78"]
[EventDate "2015.06.13"]
[EventType "swiss"]
[EventRounds "9"]
[EventCountry "FRA"]
[SourceTitle "EXT 2016"]
[Source "ChessBase"]
[SourceDate "2015.10.08"]
[SourceVersion "1"]
[SourceVersionDate "2015.10.08"]
[SourceQuality "1"]

1. c4 Nf6 2. Nc3 c5 3. Nf3 Nc6 4. d4 cxd4 5. Nxd4 g6 6. e4 d6 7. Nc2 Bg7 8. Be2 0-0 9. 0-0 a6 10. Be3 Be6 11. b3 Nd7 12. Qd2 Qa5 13. Nd4 Nc5 14. Rac1 Nxd4 15. Bxd4 Nxe4 16. Nxe4 Qxd2 17. Nxd2 Bxd4 18. Bf3 Rab8 19. Ne4 Bf5 20. Rfe1 Rfe8 21. Rcd1 Be5 22. Ng3 Be6 23. Rd3 b5 24. c5 Bxg3 25. hxg3 dxc5 26. Red1 c4 27. bxc4 Bxc4 28. R3d2 Kg7 29. Bd5 Rec8 30. Bxc4 Rxc4 31. Rd7 Kf6 32. Ra7 Rb6 33. Rdd7 Re6 34. Rd3 Ra4 35. a3 Rc4 36. Rf3+ Kg7 37. Rd3 Rc5 38. Rf3 Re1+ 39. Kh2 Rh5# 0-1

[Event "FRA-ch U16 Girls"]
[Site "Saint Paul Trois Chateaux"]
[Date "2013.05.03"]
[Round "6"]
[White "Rouffignac, Marie"]
[Black "Saliou, Sarah"]
[Result "1-0"]
[WhiteElo "1769"]
[BlackElo "1586"]
[PlyCount "115"]
[EventDate "2013.04.28"]
[EventType "swiss"]
[EventRounds "9"]
[EventCountry "FRA"]
[SourceTitle "CBM 154 Extra"]
[Source "ChessBase"]
[SourceDate "2013.06.25"]
[SourceVersion "2"]
[SourceVersionDate "2013.06.25"]
[SourceQuality "1"]

1. Nf3 d5 2. c4 c6 3. g3 Nf6 4. Bg2 Bf5 5. b3 e6 6. Nc3 Nbd7 7. Bb2 Be7 8. 0-0 0-0 9. d3 Bg6 10. Rc1 Bd6 11. Rc2 Qc7 12. cxd5 exd5 13. Nb5 Qb8 14. Nxd6 Qxd6 15. Qa1 Rfe8 16. Bh3 Rad8 17. Rfc1 Qe7 18. a4 Qd6 19. Nh4 h6 20. Nxg6 fxg6 21. f4 Qe7 22. Kf1 Qf7 23. Kg1 Re7 24. b4 Rde8 25. Re1 Rc8 26. Qc1 Rce8 27. Bd4 a6 28. Qb2 Rc8 29. b5 axb5 30. axb5 c5 31. Bxc5 Rxc5 32. Rxc5 Nxc5 33. Rc1 Ne6 34. b6 g5 35. f5 Nf8 36. Rc8 Kh7 37. Qc2 Ne8 38. e4 dxe4 39. dxe4 g6 40. fxg6+ Nxg6 41. Bf5 Kg7 42. Qc5 Ne5 43. Qd4 Kg8 44. Qd8 Nc6 45. Qd3 Qf6 46. Qb3+ Kg7 47. Kg2 Qd4 48. Qa3 Qd2+ 49. Kh3 Qd6 50. Qa8 Nf6 51. Qa1 h5 52. Qb2 g4+ 53. Kg2 Ne5 54. Qc3 Nc6 55. Qb2 Kf7 56. Qb3+ Kg7 57. Qb2 Qd4 58. Qa3 1-0

[Event "FRA-ch U14 Girls"]
[Site "Montlucon"]
[Date "2011.04.23"]
[Round "8"]
[White "Rouffignac, Marie"]
[Black "Saliou, Sarah"]
[Result "1-0"]
[WhiteElo "1551"]
[BlackElo "1640"]
[PlyCount "107"]
[EventDate "2011.04.17"]
[EventType "swiss"]
[EventRounds "9"]
[EventCountry "FRA"]
[SourceTitle "CBM 142 Extra"]
[Source "ChessBase"]
[SourceDate "2011.06.27"]
[SourceVersion "1"]
[SourceVersionDate "2011.06.27"]
[SourceQuality "1"]

1. d4 d5 2. c4 e5 3. dxe5 d4 4. Nf3 Nc6 5. a3 a5 6. Nbd2 Bc5 7. Nb3 Ba7 8. Bf4 Be6 9. Qc2 a4 10. Nbd2 Bb6 11. Rd1 Nge7 12. Nb1 Ng6 13. e3 Nxf4 14. exf4 Ba5+ 15. Nbd2 Bg4 16. Qe4 Qd7 17. h3 Bf5 18. Qd5 Qxd5 19. cxd5 Ne7 20. Nxd4 Be4 21. d6 cxd6 22. exd6 Ng6 23. Bb5+ Kd8 24. 0-0 Bxd2 25. Rxd2 Nxf4 26. f3 Bg6 27. Re1 Nd5 28. Rde2 Nf6 29. g4 h6 30. h4 Rc8 31. g5 hxg5 32. hxg5 Nd7 33. Bxa4 Rc4 34. Bxd7 Kxd7 35. Nb5 Kc6 36. Rd1 Rd8 37. b3 Rf4 38. Nd4+ Kb6 39. d7 Rxd7 40. Red2 Rd5 41. Kf2 Bh5 42. Ke3 Rh4 43. Rg1 Rh3 44. Rdg2 Kc5 45. Rc2+ Kd6 46. Rf2 Ke5 47. Ne2 Kf5 48. Ng3+ Kxg5 49. Nxh5+ Kxh5 50. Rxg7 Rh4 51. Rh7+ Kg5 52. Rg2+ Kf5 53. Rxh4 Re5+ 54. Kd4 1-0

[Event "FRA-ch U14 Girls"]
[Site "Montlucon"]
[Date "2011.04.18"]
[Round "3"]
[White "Saliou, Sarah"]
[Black "Auvray, Honorine"]
[Result "0-1"]
[WhiteElo "1640"]
[BlackElo "1735"]
[PlyCount "68"]
[EventDate "2011.04.17"]
[EventType "swiss"]
[EventRounds "9"]
[EventCountry "FRA"]
[SourceTitle "CBM 142 Extra"]
[Source "ChessBase"]
[SourceDate "2011.06.27"]
[SourceVersion "1"]
[SourceVersionDate "2011.06.27"]
[SourceQuality "1"]

1. e4 c5 2. Nf3 Nc6 3. b4 cxb4 4. d4 d6 5. Bb5 a6 6. Ba4 b5 7. Bb3 Nf6 8. Nbd2 Bg4 9. Bb2 Qc7 10. 0-0 a5 11. a4 bxa3 12. Rxa3 a4 13. Ba2 Nb4 14. c3 Nd3 15. Qc2 Nb4 16. Qd1 Nxa2 17. Rxa2 e6 18. h3 Bh5 19. Qe2 Qc6 20. Re1 Be7 21. Qd3 Bg6 22. Nh4 Nh5 23. Nxg6 hxg6 24. Nf3 Nf4 25. Qe3 Qc4 26. Rea1 g5 27. Nd2 Qc6 28. Nf3 Qc4 29. Nd2 Qc6 30. Nf3 d5 31. e5 Kd7 32. h4 Qc4 33. hxg5 Ne2+ 34. Kf1 Nxc3+ 0-1

[Event "FRA-ch U12 Girls"]
[Site "Aix les Bains"]
[Date "2009.04.25"]
[Round "8"]
[White "Saliou, Sarah"]
[Black "Scabello, Julie"]
[Result "1-0"]
[WhiteElo "1260"]
[BlackElo "1520"]
[PlyCount "87"]
[EventDate "2009.04.19"]
[EventType "swiss"]
[EventRounds "9"]
[EventCountry "FRA"]
[SourceTitle "CBM 130 Extra"]
[Source "ChessBase"]
[SourceDate "2009.07.02"]
[SourceVersion "2"]
[SourceVersionDate "2009.07.15"]
[SourceQuality "1"]

1. e4 e5 2. Nc3 Nf6 3. f4 d6 4. Nf3 Nc6 5. Bb5 Bg4 6. 0-0 Be7 7. d3 0-0 8. Bxc6 bxc6 9. h3 Bxf3 10. Qxf3 Re8 11. f5 d5 12. Rd1 d4 13. Ne2 Qb8 14. Ng3 c5 15. b3 Qb4 16. Bd2 Qb5 17. Nh5 Nxh5 18. Qxh5 f6 19. Qg4 Bf8 20. Rf1 Qa6 21. a4 Qb7 22. Rf3 c6 23. Rg3 Re7 24. Rf1 Rd8 25. Rff3 Rdd7 26. Qh5 Kh8 27. Rg4 a6 28. Rh4 h6 29. Rg3 Qc7 30. Qg4 Kg8 31. Bxh6 a5 32. Qg6 Qc8 33. Qh5 Qd8 34. Qg4 Qe8 35. Rh5 Qd8 36. Qh4 Qc7 37. Bxg7 Rxg7 38. Rh8+ Kf7 39. Qh5+ Ke7 40. Rh7 Rxh7 41. Qxh7+ Kd6 42. Qh8 Rd8 43. Qxf6+ Kd7 44. Qe6# 1-0